MARC

LEADER 00000nam0a2200000 4500
001 127368
005 20231031132220.0
020 |a RU  |b 85-51911 
035 |a (RuTPU)RU\TPU\book\137783 
090 |a 127368 
100 |a 20071213d1985 m y0rusy5003 ca 
101 0 |a rus 
102 |a UA 
105 |a a g 000zy 
200 1 |a Тяжелоатлеты Украины  |f В. В. Драга, П. Н. Кравцов 
210 |a Киев  |c Здоров,я  |d 1985 
215 |a 176 с.  |c ил. 
610 1 |a тяжелая атлетика 
610 1 |a спорт 
610 1 |a спортсмены 
610 1 |a Украина 
610 1 |a развитие 
610 1 |a тренеры 
610 1 |a рекорды 
610 1 |a чемпионаты 
675 |a 793  |z rus 
700 1 |a Драга  |b В. В.  |g Василий Васильевич  |4 070 
701 1 |a Кравцов  |b П. Н.  |g Петр Николаевич  |4 070 
801 0 |a RU  |b RuMRKP  |c 19950704  |g psbo 
801 1 |a RU  |b 63413507  |c 20071213  |g PSBO 
801 2 |a RU  |b 63413507  |c 20071213  |g PSBO 
942 |c BK